[Event "2.BLO 1617 BCA Augsburg - Nickelhütte A"]
[Site "?"]
[Date "2017.02.18"]
[Round "7.7"]
[White "Cerveny, Martin"]
[Black "Schmittdiel, Eckhard"]
[Result "0-1"]
[WhiteElo "2384"]
[BlackElo "2452"]
[PlyCount "90"]
[EventDate "2017.??.??"]

1. d4 e6 2. Nf3 f5 3. g3 b5 4. e4 fxe4 5. Ng5 Nf6 6. Nc3 Bb4 7. Bg2 d5 8. O-O
h6 9. Nh3 Bxc3 10. bxc3 O-O 11. Nf4 Nc6 12. Ng6 Re8 13. f3 e5 14. fxe4 dxe4 15.
dxe5 Qxd1 16. Rxd1 Bg4 17. Rf1 Nxe5 18. Nxe5 Rxe5 19. Bxh6 Nd5 20. Bf4 Re6 21.
h3 Bh5 22. c4 bxc4 23. g4 Bg6 24. Rad1 c6 25. Rd4 Nxf4 26. Rxf4 e3 27. Rf1 Bxc2
28. Rxc4 Bd3 29. Rxc6 Rxc6 30. Bxc6 e2 31. Re1 Rf8 32. Bg2 g5 33. Kh2 Rf1 34.
Rxe2 Bxe2 35. Bxf1 Bxf1 36. Kg3 Kf7 37. h4 gxh4+ 38. Kxh4 Ke6 39. Kg3 Kd5 40.
Kf2 Bd3 41. Ke3 Kc4 42. Kd2 a5 43. a4 Bh7 44. g5 Kb3 45. Kc1 Bg6 0-1

[Event "2.BLO 1617 BCA Augsburg - Nickelhütte A"]
[Site "?"]
[Date "2017.02.18"]
[Round "7.8"]
[White "Kukov, Velislav"]
[Black "Schnabel, Ralf"]
[Result "1/2-1/2"]
[WhiteElo "2378"]
[BlackElo "2234"]
[PlyCount "87"]
[EventDate "2017.??.??"]

1. d4 f5 2. Nf3 Nf6 3. Bg5 e6 4. Nbd2 Be7 5. Bxf6 Bxf6 6. e4 O-O 7. Bd3 d5 8.
exf5 exf5 9. O-O Nc6 10. c3 Qd6 11. Re1 Bd7 12. Nb3 Rae8 13. Nc5 Rxe1+ 14. Qxe1
b6 15. Nxd7 Qxd7 16. Bb5 Qd6 17. Qe2 Nd8 18. Re1 c6 19. Ba4 b5 20. Bb3 a6 21.
g3 g6 22. Kg2 Kg7 23. h4 h5 24. Bc2 Rf7 25. Ne5 Bxe5 26. Qxe5+ Qxe5 27. Rxe5
Nb7 28. Bd3 Nd6 29. Kf3 Kf6 30. Kf4 Rf8 31. f3 Rh8 32. b4 Nf7 33. Re1 a5 34.
bxa5 Ra8 35. a4 Rxa5 36. axb5 cxb5 37. Rb1 Nd6 38. Bc2 Ra3 39. Bb3 Nc4 40. Bxc4
bxc4 41. Rb6+ Kf7 42. Rb7+ Kf6 43. Rb6+ Kf7 44. Rb7+ 1/2-1/2

[Event "2.BLO 1617 Erfurter SK - SC Garching"]
[Site "?"]
[Date "2017.02.19"]
[Round "8.1"]
[White "Stocek, Jiri"]
[Black "Braeuer, Franz"]
[Result "1/2-1/2"]
[WhiteElo "2566"]
[BlackElo "2420"]
[PlyCount "81"]
[EventDate "2017.??.??"]

1. d4 d5 2. c4 c6 3. Nf3 Nf6 4. Qb3 a6 5. Bg5 e6 6. Nbd2 Nbd7 7. Rc1 h6 8. Bh4
Qa5 9. Bxf6 dxc4 10. Qxc4 Nxf6 11. e3 Ne4 12. Bd3 Nxd2 13. Nxd2 e5 14. Qc2 Bb4
15. dxe5 Qxe5 16. O-O Be6 17. Nf3 Qf6 18. Bc4 Bxc4 19. Qxc4 Be7 20. Rfd1 O-O
21. Rd7 Rab8 22. Qe4 Rfe8 23. Qe5 Qxe5 24. Nxe5 f5 25. Kf1 Bf6 26. Nc4 Red8 27.
Rc7 Rd5 28. Nb6 Rb5 29. Nc4 Bxb2 30. Nxb2 Rxb2 31. Rd1 Rxa2 32. Rdd7 b5 33.
Rxg7+ Kh8 34. Rh7+ Kg8 35. Rcg7+ Kf8 36. Ra7 Kg8 37. Rxh6 b4 38. Rg6+ Kh8 39.
Rh6+ Kg8 40. Rg6+ Kh8 41. Rh6+ {(=)} 1/2-1/2

[Event "2.BLO 1617 Erfurter SK - SC Garching"]
[Site "?"]
[Date "2017.02.19"]
[Round "8.2"]
[White "Votava, Jan"]
[Black "Bredl, Harald"]
[Result "1/2-1/2"]
[WhiteElo "2525"]
[BlackElo "2338"]
[PlyCount "45"]
[EventDate "2017.??.??"]

1. e4 e5 2. Nf3 Nc6 3. Bc4 Nf6 4. d3 Be7 5. O-O O-O 6. a4 d6 7. h3 Na5 8. Ba2
c5 9. Bg5 Nc6 10. Nc3 Nb4 11. Bc4 Be6 12. Qd2 Qd7 13. a5 Rab8 14. Bxf6 Bxf6 15.
Bxe6 Qxe6 16. Nb5 Qd7 17. c4 a6 18. Nc3 Bd8 19. Nd5 Nxd5 20. cxd5 f5 21. Qc3
fxe4 22. dxe4 Rf4 23. Nd2 1/2-1/2

[Event "2.BLO 1617 Erfurter SK - SC Garching"]
[Site "?"]
[Date "2017.02.19"]
[Round "8.3"]
[White "Seifert, Volker"]
[Black "Haba, Petr"]
[Result "0-1"]
[WhiteElo "2332"]
[BlackElo "2460"]
[PlyCount "114"]
[EventDate "2017.??.??"]

1. d4 Nf6 2. c4 e6 3. Nf3 d5 4. cxd5 exd5 5. Nc3 c6 6. Bg5 Be7 7. Qc2 g6 8. e3
Bf5 9. Bd3 Bxd3 10. Qxd3 Nbd7 11. O-O O-O 12. Nd2 a5 13. Rae1 Re8 14. f4 Nh5
15. Bxe7 Qxe7 16. g4 Ng7 17. Nf3 f5 18. g5 Ne6 19. Kh1 Kf7 20. Rg1 Rh8 21. Ne2
h5 22. gxh6 Rxh6 23. Ng3 Rah8 24. Re2 Ke8 25. Qc3 Qb4 26. Qxb4 axb4 27. Rd1 Ke7
28. Rd3 Ra8 29. b3 Nc7 30. Rc2 Nb5 31. Ne2 Nd6 32. Nc1 Ne4 33. Rd1 Ndf6 34. Ne5
Ng4 35. Nxg4 fxg4 36. Kg1 g3 37. Re1 Nf2 38. hxg3 Rh1+ 39. Kxf2 Rh2+ 40. Kf3
Rxc2 41. Rh1 Rd2 42. Rh7+ Kf6 43. g4 g5 44. Rxb7 Rh8 45. Ne2 Rh3+ 46. Ng3 gxf4
47. g5+ Kg6 48. Kxf4 Rh4+ 49. Kf3 Kxg5 50. Rg7+ Kf6 51. Rb7 Rh6 52. Rxb4 Kg5
53. e4 Rd3+ 54. Kg2 Kf4 55. Nf1 Rg6+ 56. Kf2 Rf3+ 57. Ke2 Rg2+ 0-1

[Event "2.BLO 1617 Erfurter SK - SC Garching"]
[Site "?"]
[Date "2017.02.19"]
[Round "8.4"]
[White "Enders, Peter"]
[Black "Koepke, Christian"]
[Result "1-0"]
[WhiteElo "2448"]
[BlackElo "2317"]
[PlyCount "105"]
[EventDate "2017.??.??"]

1. b3 Nf6 2. Bb2 g6 3. g3 Bg7 4. Bg2 d6 5. d4 O-O 6. Nf3 c5 7. O-O cxd4 8. Nxd4
d5 9. e3 e5 10. Ne2 Nc6 11. Na3 Be6 12. c4 Rc8 13. Rc1 Qd7 14. Rc2 dxc4 15.
Nxc4 Qxd1 16. Rxd1 Na5 17. Na3 Rxc2 18. Nxc2 Nd7 19. Nb4 Rc8 20. Nc3 Bf8 21.
Nbd5 f6 22. h3 Kf7 23. Rd2 Nc6 24. Nb5 Nb6 25. Nbc7 Bxd5 26. Nxd5 Rd8 27. Bc3
Ke6 28. Nc7+ Ke7 29. Bxc6 Rxd2 30. Bb4+ Rd6 31. Bxb7 Kd7 32. Bxd6 Bxd6 33. Nb5
Bb8 34. Kf1 Ke7 35. Ke2 Nd7 36. Kd2 a5 37. Kc3 Nc5 38. Bg2 e4 39. Bf1 Ne6 40.
Kc4 f5 41. b4 axb4 42. Kxb4 Kd7 43. a4 Kc6 44. a5 Nc7 45. Nd4+ Kd6 46. Bc4 Ba7
47. Bg8 h6 48. Kc4 Bxd4 49. Kxd4 Na6 50. Bh7 Nc5 51. Kc3 Nd3 52. Bxg6 Nxf2 53.
Bxf5 1-0

[Event "2.BLO 1617 Erfurter SK - SC Garching"]
[Site "?"]
[Date "2017.02.19"]
[Round "8.5"]
[White "Levushkina, Elena"]
[Black "Mueller, Matthias"]
[Result "1/2-1/2"]
[WhiteElo "2306"]
[BlackElo "2386"]
[PlyCount "87"]
[EventDate "2017.??.??"]

1. e4 e5 2. Nf3 Nc6 3. Bb5 a6 4. Ba4 Nf6 5. O-O b5 6. Bb3 Bc5 7. a4 Rb8 8. d3
O-O 9. Bg5 h6 10. Bh4 Be7 11. Nc3 d6 12. h3 Na5 13. Ba2 b4 14. Ne2 Be6 15. Bxe6
fxe6 16. Bxf6 Bxf6 17. Nh2 Qe8 18. Ng4 Bg5 19. d4 h5 20. Nh2 exd4 21. Nxd4 Bf6
22. Rb1 Bxd4 23. Qxd4 Qxa4 24. Ra1 Qb5 25. Nf3 Nc6 26. Qe3 a5 27. Ng5 Rf6 28.
h4 Rbf8 29. f3 Qb6 30. Qxb6 cxb6 31. Rfd1 e5 32. Rd5 Nd4 33. c3 bxc3 34. bxc3
Ne6 35. Rb5 Nxg5 36. hxg5 Rg6 37. Rxb6 Rxg5 38. Kf2 Rc8 39. Rxd6 Rxc3 40. Ra2
h4 41. Ra6 Rh5 42. R6xa5 h3 43. gxh3 Rxh3 44. Kg2 {(=)} 1/2-1/2

[Event "2.BLO 1617 Erfurter SK - SC Garching"]
[Site "?"]
[Date "2017.02.19"]
[Round "8.7"]
[White "Ruecker, Benjamin"]
[Black "Troyke, Christian"]
[Result "0-1"]
[WhiteElo "2260"]
[BlackElo "2351"]
[PlyCount "38"]
[EventDate "2017.??.??"]

1. d4 g6 2. c4 Bg7 3. e4 d6 4. Nc3 Nf6 5. Nf3 O-O 6. Be2 c5 7. O-O cxd4 8. Nxd4
Nc6 9. Be3 Bd7 10. Qd2 Nxd4 11. Bxd4 Bc6 12. f3 a5 13. b3 Nd7 14. Be3 Nc5 15.
Rab1 e6 16. Rfd1 Be5 17. Bf1 Qh4 18. h3 Qg3 19. Bd3 f5 0-1

[Event "2.BLO 1617 Erfurter SK - SC Garching"]
[Site "?"]
[Date "2017.02.19"]
[Round "8.8"]
[White "Casper, Thomas"]
[Black "Schleich, Markus"]
[Result "1/2-1/2"]
[WhiteElo "2374"]
[BlackElo "2205"]
[PlyCount "45"]
[EventDate "2017.??.??"]

1. e4 g6 2. Nf3 Bg7 3. d4 d6 4. c3 Nf6 5. Nbd2 O-O 6. Bc4 Nc6 7. O-O e5 8. dxe5
Nxe5 9. Nxe5 dxe5 10. Qe2 Qe7 11. Re1 Be6 12. Bxe6 Qxe6 13. Qc4 Qxc4 14. Nxc4
Rfd8 15. Bg5 h6 16. Bh4 g5 17. Bg3 Nd7 18. f3 f6 19. Bf2 b6 20. Red1 Nf8 21.
Kf1 Ne6 22. Be3 Bf8 23. Ke2 {(=)} 1/2-1/2

[Event "2.BLO 1617 SK König Plauen - SK Passau"]
[Site "?"]
[Date "2017.02.19"]
[Round "8.1"]
[White "Schwabeneder, Florian"]
[Black "Mastrovasilis, Dimitrios"]
[Result "1/2-1/2"]
[WhiteElo "2358"]
[BlackElo "2583"]
[PlyCount "239"]
[EventDate "2017.??.??"]

1. e4 c5 2. Nf3 e6 3. d4 cxd4 4. Nxd4 Nc6 5. Nc3 Qc7 6. Be2 Nf6 7. O-O Be7 8.
Be3 O-O 9. f4 d6 10. Kh1 Nxd4 11. Qxd4 b6 12. f5 Bb7 13. fxe6 fxe6 14. Bc4 d5
15. exd5 Bc5 16. Qf4 Qxf4 17. Bxf4 Nxd5 18. Nxd5 Bxd5 19. Bxd5 exd5 20. g3 Rf5
21. g4 Rf6 22. Bg3 Rg6 23. Rad1 Rxg4 24. Rxd5 Re8 25. Rfd1 Rge4 26. Rd8 Rxd8
27. Rxd8+ Kf7 28. Rd2 Ke6 29. Kg2 g5 30. Kf3 Ra4 31. a3 g4+ 32. Kg2 Re4 33. Bf2
Bd6 34. Bg3 Be7 35. Kf1 h5 36. Bb8 a5 37. Bc7 Bc5 38. Bg3 a4 39. Rd8 Rd4 40.
Rh8 Rd2 41. b3 Rxc2 42. bxa4 Rc4 43. Rxh5 Rxa4 44. Rg5 Kf6 45. Bh4 Kf7 46. Bg3
Bxa3 47. Bf2 Rb4 48. Bxb6 Rxb6 49. Rxg4 Kf6 50. h3 Kf5 51. Kg2 Bd6 52. Ra4 Rb3
53. h4 Bf4 54. Kf2 Kg4 55. Ke2 Re3+ 56. Kd1 Rc3 57. Ke2 Rc6 58. Kd3 Kf3 59. h5
Be5 60. Ra5 Rd6+ 61. Kc4 Ke4 62. Ra8 Rc6+ 63. Kb5 Kd5 64. Rd8+ Bd6 65. h6 Rc7
66. Ka4 Kc4 67. Ra8 Bc5 68. Ka5 Rb7 69. h7 Rxh7 70. Ka6 Rc7 71. Ka5 Rc6 72. Ka4
Rh6 73. Ka5 Rg6 74. Rb8 Rg7 75. Ra8 Rf7 76. Ka6 Rc7 77. Ka5 Rc6 78. Rb8 Bd6 79.
Ra8 Bb4+ 80. Ka4 Bc5 81. Ka5 Bd4 82. Ka4 Rf6 83. Ka5 Bc3+ 84. Ka4 Bb4 85. Rc8+
Bc5 86. Ka5 Re6 87. Rc7 Rg6 88. Rc8 Rd6 89. Rc7 Rd2 90. Ka6 Rb2 91. Rc8 Rb6+
92. Ka5 Rb7 93. Ra8 Rc7 94. Ka6 Bd4 95. Ka5 Rc6 96. Ka4 Re6 97. Rc8+ Bc5 98.
Ka5 Re7 99. Ra8 Rd7 100. Ka6 Rc7 101. Ka5 Rb7 102. Ka6 Rb6+ 103. Ka5 Rb2 104.
Ka6 Rb1 105. Rc8 Rb6+ 106. Ka5 Rg6 107. Rc7 Rh6 108. Rc8 Rh7 109. Ra8 Rh1 110.
Ka6 Kd5 111. Rc8 Bd6 112. Rc2 Bc5 113. Kb5 Rb1+ 114. Ka4 Rb8 115. Rd2+ Kc6 116.
Rc2 Rb1 117. Rc4 Kd5 118. Rc2 Kd4 119. Ka5 Rb7 120. Ka6 1/2-1/2

[Event "2.BLO 1617 SK König Plauen - SK Passau"]
[Site "?"]
[Date "2017.02.19"]
[Round "8.2"]
[White "Markowski, Tomasz"]
[Black "Weiss, Christian"]
[Result "1/2-1/2"]
[WhiteElo "2575"]
[BlackElo "2358"]
[PlyCount "117"]
[EventDate "2017.??.??"]

1. d4 Nf6 2. Nf3 c5 3. d5 d6 4. c4 e5 5. Nc3 g6 6. e4 Bg7 7. Be2 O-O 8. Bg5 h6
9. Bh4 Nbd7 10. O-O g5 11. Bg3 Nh5 12. Nd2 Nf4 13. Bg4 Bf6 14. Rb1 Kg7 15. f3
h5 16. Bf5 Rh8 17. Bf2 Qf8 18. Qc2 Bd8 19. g3 Ng6 20. Nd1 Ne7 21. Ne3 Bb6 22.
a3 Nf6 23. Bxc8 Qxc8 24. Kg2 Nfg8 25. h3 Nh6 26. g4 Ba5 27. b4 Bb6 28. Nf5+
Nexf5 29. exf5 cxb4 30. axb4 Bxf2 31. Rxf2 f6 32. Ne4 Qd7 33. Qd3 Nf7 34. Ra2
b6 35. Rba1 hxg4 36. fxg4 a5 37. bxa5 Rxa5 38. Rxa5 bxa5 39. Rxa5 Rb8 40. Qa3
Qc7 41. Qa2 Rb4 42. Ra4 Qb6 43. Rxb4 Qxb4 44. Qc2 Qb7 45. Qd2 Qb1 46. Qe2 Qb3
47. Kh2 Qb1 48. Kg2 Qb3 49. Kh2 Qb1 50. Nf2 Qb6 51. Qc2 Kf8 52. Kg2 Ke7 53. Ne4
Qe3 54. Nf2 Qb6 55. Qa4 Qe3 56. Qb5 Qe2 57. Qb7+ Kf8 58. Qb8+ Kg7 59. Qb3
1/2-1/2

[Event "2.BLO 1617 SK König Plauen - SK Passau"]
[Site "?"]
[Date "2017.02.19"]
[Round "8.3"]
[White "Testor, Sebastian"]
[Black "Plat, Vojtech"]
[Result "0-1"]
[WhiteElo "2303"]
[BlackElo "2508"]
[PlyCount "92"]
[EventDate "2017.??.??"]

1. d4 d6 2. e4 Nf6 3. Nc3 e5 4. Nf3 Nbd7 5. Bc4 Be7 6. O-O O-O 7. Re1 c6 8. a4
a5 9. h3 Nb6 10. Bf1 Nfd7 11. b3 exd4 12. Nxd4 Nc5 13. Bb2 Bf6 14. Rb1 Re8 15.
Qd2 Bd7 16. g3 Qc7 17. Bg2 Rad8 18. Rbd1 Bc8 19. Re3 g6 20. Qe1 Bg7 21. f4 Rd7
22. Rd2 Rde7 23. Nd1 Nbd7 24. Bc3 Qb6 25. Kh2 Nf6 26. Rde2 Bg4 27. hxg4 Nxg4+
28. Kh1 Nxe3 29. Nxe3 Nxe4 30. Nc4 Qc5 31. Bxe4 Bxd4 32. Bxa5 Qh5+ 33. Kg2 d5
34. Nd6 dxe4 35. Nxe8 Rxe8 36. Bd2 Qf3+ 37. Kh2 e3 38. Bc1 h5 39. Rg2 e2 40.
Bd2 h4 41. gxh4 Qf1 42. h5 Be3 43. hxg6 Bxf4+ 44. Kh3 Qf3+ 45. Kh4 Bxd2 46.
gxf7+ Kxf7 0-1

[Event "2.BLO 1617 SK König Plauen - SK Passau"]
[Site "?"]
[Date "2017.02.19"]
[Round "8.4"]
[White "Zawadzka, Jolanta"]
[Black "Pflug, Matthias"]
[Result "1-0"]
[WhiteElo "2443"]
[BlackElo "2280"]
[PlyCount "71"]
[EventDate "2017.??.??"]

1. e4 c5 2. Nf3 d6 3. d4 cxd4 4. Nxd4 Nf6 5. Nc3 g6 6. Be3 Bg7 7. f3 O-O 8. Qd2
Nc6 9. O-O-O d5 10. exd5 Nxd5 11. Nxc6 bxc6 12. Bd4 e5 13. Bc5 Be6 14. Ne4 Re8
15. Bc4 Qc7 16. h4 h6 17. Bb3 a5 18. a4 Red8 19. Qf2 Rab8 20. Ba3 f5 21. Nc5
Qb6 22. g4 f4 23. h5 g5 24. Qe2 Bf7 25. Qe4 Qa7 26. Bc4 Rb4 27. Bxb4 axb4 28.
Na6 Ra8 29. Nxb4 Qxa4 30. Nxd5 cxd5 31. Bxd5 Qa1+ 32. Kd2 Qa5+ 33. Ke2 Qb5+ 34.
c4 Bxd5 35. Qxd5+ Qxd5 36. Rxd5 1-0

[Event "2.BLO 1617 SK König Plauen - SK Passau"]
[Site "?"]
[Date "2017.02.19"]
[Round "8.5"]
[White "Hellmayr, Alois"]
[Black "Kunze, Carlo"]
[Result "1/2-1/2"]
[WhiteElo "2213"]
[BlackElo "2250"]
[PlyCount "31"]
[EventDate "2017.??.??"]

1. Nf3 Nf6 2. g3 d6 3. d4 Nbd7 4. Bg2 e5 5. dxe5 dxe5 6. O-O Be7 7. Nc3 c6 8.
Nd2 O-O 9. a4 Qc7 10. b3 Re8 11. Bb2 Nc5 12. h3 Be6 13. Kh2 Rad8 14. e3 Na6 15.
Qe2 Nb4 16. Rac1 {(=)} 1/2-1/2

[Event "2.BLO 1617 SK König Plauen - SK Passau"]
[Site "?"]
[Date "2017.02.19"]
[Round "8.6"]
[White "Kuraszkiewicz, Michael"]
[Black "Offinger, Robert"]
[Result "1/2-1/2"]
[WhiteElo "2318"]
[BlackElo "2184"]
[PlyCount "81"]
[EventDate "2017.??.??"]

1. d4 d5 2. c4 c6 3. cxd5 cxd5 4. Nc3 Nf6 5. Bf4 Nc6 6. e3 a6 7. Rc1 e6 8. Bd3
Bd6 9. Bxd6 Qxd6 10. f4 b5 11. Nf3 Bb7 12. O-O Rc8 13. Ne5 O-O 14. Qe1 Nb4 15.
Bb1 Ne4 16. Nxe4 dxe4 17. a3 Rxc1 18. Qxc1 f6 19. axb4 fxe5 20. Qc5 Qd5 21.
dxe5 Rc8 22. Qe7 Ba8 23. Bxe4 Qb3 24. Bxa8 Rxa8 25. e4 Kh8 26. Qc5 Qxb2 27. f5
exf5 28. exf5 Qe2 29. f6 gxf6 30. exf6 Rg8 31. Qf2 Qxf2+ 32. Kxf2 Rg4 33. Kf3
Rxb4 34. Rd1 Kg8 35. Rd7 Rb3+ 36. Kf4 Rb2 37. g4 Rxh2 38. Kg5 b4 39. Rb7 a5 40.
Rb8+ Kf7 41. Rb7+ 1/2-1/2

[Event "2.BLO 1617 SK König Plauen - SK Passau"]
[Site "?"]
[Date "2017.02.19"]
[Round "8.7"]
[White "Mostbauer, Florian"]
[Black "Sandner, Gunter"]
[Result "1-0"]
[WhiteElo "2278"]
[BlackElo "2261"]
[PlyCount "79"]
[EventDate "2017.??.??"]

1. d4 g6 2. Bf4 Nf6 3. e3 Bg7 4. Be2 d6 5. Nf3 O-O 6. h3 b6 7. O-O Bb7 8. a4 a5
9. c3 Nbd7 10. Nbd2 Re8 11. Bh2 e5 12. dxe5 dxe5 13. Nc4 Ne4 14. Qc2 Qe7 15.
Rfd1 Nec5 16. Nfd2 Rad8 17. b4 axb4 18. cxb4 Na6 19. b5 Nb4 20. Qb3 Nd5 21. a5
Nc5 22. Qa3 e4 23. Rac1 Qf6 24. a6 Ba8 25. Nb1 Bf8 26. Qb2 Qe6 27. Be5 c6 28.
Bd4 cxb5 29. Qxb5 Bc6 30. Qb2 Ba4 31. Bxc5 bxc5 32. Rxd5 Rxd5 33. Nc3 Bg7 34.
Nb6 Rg5 35. h4 Bb3 36. hxg5 Qxb6 37. Bc4 Rb8 38. Qxb3 Qxb3 39. Bxb3 Rxb3 40. a7
1-0

[Event "2.BLO 1617 SK König Plauen - SK Passau"]
[Site "?"]
[Date "2017.02.19"]
[Round "8.8"]
[White "Hoerr, Matthias"]
[Black "Linhart, Wolfgang"]
[Result "1-0"]
[WhiteElo "2203"]
[BlackElo "2129"]
[PlyCount "135"]
[EventDate "2017.??.??"]

1. e4 c5 2. Nc3 e6 3. Nf3 Nc6 4. d4 cxd4 5. Nxd4 a6 6. Be2 Qc7 7. O-O Nf6 8.
Kh1 Bb4 9. Qd3 Qd6 10. Nxc6 Qxd3 11. cxd3 dxc6 12. e5 Nd5 13. Ne4 O-O 14. d4 a5
15. Bg5 h6 16. a3 hxg5 17. axb4 Nxb4 18. Rfc1 b6 19. Nd6 Bd7 20. Ra3 f6 21. Kg1
Ra7 22. Bh5 Kh7 23. Bf7 Rxf7 24. Nxf7 Ra8 25. g3 Be8 26. Nd6 f5 27. Kg2 Bh5 28.
f3 Kg8 29. h3 Bg6 30. f4 g4 31. Rh1 Ra7 32. Rc3 Rc7 33. hxg4 fxg4 34. Rh4 Nd5
35. Rxg4 Bf5 36. Nxf5 exf5 37. Rh4 Nxc3 38. bxc3 b5 39. Kf2 Kf7 40. Ke3 Ke6 41.
Rh8 c5 42. Rb8 cxd4+ 43. Kxd4 Rd7+ 44. Ke3 Rd5 45. Rb6+ Kf7 46. Rb7+ Kf8 47.
Ra7 a4 48. Ra5 Rc5 49. Kd4 Rc4+ 50. Kd3 Rc5 51. Kd4 Rc4+ 52. Kd5 Rxc3 53. Rxb5
Rxg3 54. Ra5 g5 55. Ke6 gxf4 56. Kf6 Ke8 57. Ra8+ Kd7 58. e6+ Kd6 59. Ra6+ Kd5
60. Ra5+ Kd6 61. Rxa4 Re3 62. Rd4+ Kc5 63. Rxf4 Kd6 64. Rd4+ Kc5 65. Rd2 Kc4
66. Kf7 Kc3 67. Rf2 Kd3 68. Rxf5 1-0

[Event "2.BLO 1617 SC Forchheim - SC Erlangen"]
[Site "?"]
[Date "2017.02.19"]
[Round "8.1"]
[White "Wenninger, Philipp"]
[Black "Jansa, Vlastimil"]
[Result "1/2-1/2"]
[WhiteElo "2341"]
[BlackElo "2452"]
[PlyCount "119"]
[EventDate "2017.??.??"]

1. d4 Nf6 2. c4 g6 3. Nc3 d5 4. cxd5 Nxd5 5. Bd2 Bg7 6. e4 Nb6 7. Be3 O-O 8.
Nf3 Bg4 9. Be2 Nc6 10. d5 Bxf3 11. gxf3 Na5 12. Bd4 Qd6 13. Bxg7 Kxg7 14. Qd2
Qf6 15. O-O-O c6 16. Qd4 Qxd4 17. Rxd4 cxd5 18. Nxd5 Nc6 19. Rd2 e5 20. f4 exf4
21. Nxf4 Rae8 22. Bd3 Nb4 23. Bb1 Re7 24. b3 a5 25. Kb2 a4 26. Rc1 Ra8 27. a3
Nc6 28. Nd5 Nxd5 29. exd5 Ne5 30. d6 Rd7 31. f4 Ng4 32. Rc7 Rxc7 33. dxc7 Rc8
34. Rc2 axb3 35. Rc5 Nf6 36. Kxb3 Kf8 37. Kb4 Ke7 38. Ba2 Kd6 39. Bxf7 Rxc7 40.
Rxc7 Kxc7 41. Kc5 Ng4 42. h4 Nf6 43. a4 b6+ 44. Kb5 Ne4 45. Bg8 Nf6 46. Bf7 Ne4
47. Bg8 h6 48. Bh7 Nc3+ 49. Kc4 Nxa4 50. Bxg6 Kd6 51. Kb5 Nc3+ 52. Kxb6 Nd5+
53. Kb5 Nxf4 54. h5 Kd5 55. Bf7+ Ke5 56. Kc4 Kf6 57. Be8 Ke7 58. Bg6 Nxg6 59.
hxg6 h5 60. Kd4 1/2-1/2

[Event "2.BLO 1617 SC Forchheim - SC Erlangen"]
[Site "?"]
[Date "2017.02.19"]
[Round "8.2"]
[White "Rupprecht, Andreas"]
[Black "Hilverda, Alexander"]
[Result "1/2-1/2"]
[WhiteElo "2419"]
[BlackElo "2396"]
[PlyCount "33"]
[EventDate "2017.??.??"]

1. Nf3 d5 2. c4 d4 3. a3 a5 4. e3 Nc6 5. exd4 Nxd4 6. Nxd4 Qxd4 7. Nc3 e5 8. d3
Nf6 9. Be3 Qd8 10. Be2 Be7 11. O-O O-O 12. f4 exf4 13. Rxf4 Re8 14. Qd2 Bd6 15.
Rf2 Ng4 16. Bxg4 Bxg4 17. d4 1/2-1/2

[Event "2.BLO 1617 SC Forchheim - SC Erlangen"]
[Site "?"]
[Date "2017.02.19"]
[Round "8.3"]
[White "Klek, Hanna Marie"]
[Black "Seyb, Alexander"]
[Result "1/2-1/2"]
[WhiteElo "2371"]
[BlackElo "2407"]
[PlyCount "152"]
[EventDate "2017.??.??"]

1. e4 c5 2. Nf3 d6 3. Bb5+ Nd7 4. O-O a6 5. Bd3 Ngf6 6. Re1 g6 7. c3 Bh6 8. a4
Ne5 9. Nxe5 dxe5 10. Bc4 Bg4 11. Qc2 O-O 12. d3 Bxc1 13. Qxc1 b6 14. Qg5 b5 15.
axb5 axb5 16. Rxa8 Qxa8 17. Bxb5 Qa2 18. Bc4 Qxb2 19. f3 Be6 20. Bxe6 fxe6 21.
Qxe5 Qb6 22. Nd2 Qd6 23. Qxd6 exd6 24. Ra1 d5 25. Ra6 dxe4 26. Nxe4 Nxe4 27.
dxe4 Rb8 28. Rc6 Rb5 29. h4 Kf7 30. Kf2 h5 31. g3 Ke7 32. e5 Kd7 33. Rd6+ Ke7
34. Ke3 Rb3 35. Kd3 Rb1 36. Rc6 Rg1 37. Rxc5 Rxg3 38. Ke3 Rh3 39. Rc4 Rh1 40.
Rd4 Rc1 41. Kd2 Rf1 42. Rf4 Rh1 43. c4 Kd7 44. Kd3 Rd1+ 45. Kc3 Rh1 46. Rd4+
Kc7 47. Rd6 Rh3 48. Rxe6 Rxf3+ 49. Kd4 Rf4+ 50. Kd5 Rxh4 51. Rxg6 Rh1 52. Rg7+
Kd8 53. Rh7 h4 54. Kd6 Rd1+ 55. Kc6 Rh1 56. c5 h3 57. e6 Rh2 58. e7+ Ke8 59.
Kc7 Rh1 60. Kd6 Rd1+ 61. Kc6 Rd3 62. Kc7 Re3 63. Kc8 Re6 64. Rh8+ Kxe7 65. Kc7
Re3 66. c6 Rc3 67. Kb7 Rb3+ 68. Kc8 Kf6 69. c7 Kf5 70. Kd7 Rd3+ 71. Kc6 Rc3+
72. Kd6 Kg4 73. c8=Q+ Rxc8 74. Rxc8 h2 75. Rh8 Kg3 76. Rxh2 Kxh2 1/2-1/2

[Event "2.BLO 1617 SC Forchheim - SC Erlangen"]
[Site "?"]
[Date "2017.02.19"]
[Round "8.4"]
[White "Heidrich, Manfred"]
[Black "Miller, Eduard"]
[Result "1/2-1/2"]
[WhiteElo "2361"]
[BlackElo "2324"]
[PlyCount "32"]
[EventDate "2017.??.??"]

1. e4 c6 2. d4 d5 3. Nd2 dxe4 4. Nxe4 Nf6 5. Nxf6+ exf6 6. Bc4 Bd6 7. Nf3 O-O
8. O-O Qc7 9. Be3 Rd8 10. c3 Nd7 11. Bb3 Nf8 12. Re1 Ng6 13. h3 Bf5 14. Bc2 Be6
15. Bb3 Bf5 16. Bc2 Be6 1/2-1/2

[Event "2.BLO 1617 SC Forchheim - SC Erlangen"]
[Site "?"]
[Date "2017.02.19"]
[Round "8.6"]
[White "Schulz, Lukas"]
[Black "Liepold, Stefan"]
[Result "1/2-1/2"]
[WhiteElo "2196"]
[BlackElo "2187"]
[PlyCount "120"]
[EventDate "2017.??.??"]

1. e4 e6 2. Nc3 d5 3. g3 Nf6 4. Bg2 dxe4 5. Nxe4 Nxe4 6. Bxe4 e5 7. d3 Bd6 8.
Bd2 Nd7 9. Qg4 g6 10. Qf3 Nc5 11. Bd5 Qe7 12. Bh6 e4 13. dxe4 c6 14. Bc4 Bf5
15. Bd3 Bxe4 16. Bxe4 Qxe4+ 17. Qxe4+ Nxe4 18. f3 Nc5 19. O-O-O O-O-O 20. Nh3
Ne6 21. Rhe1 Be7 22. Be3 b6 23. c3 Rxd1+ 24. Kxd1 Rd8+ 25. Kc2 h5 26. Bc1 Bd6
27. Bg5 Rd7 28. Bf6 a6 29. f4 Be7 30. Bxe7 Rxe7 31. Ng5 Kd7 32. Nf3 Kc7 33. Ne5
Nc5 34. b4 Nd7 35. Kd3 f6 36. Nf3 Rxe1 37. Nxe1 c5 38. Nf3 Kd6 39. Nh4 Nf8 40.
Ke4 cxb4 41. cxb4 a5 42. bxa5 bxa5 43. Kd4 Kc6 44. Kc4 g5 45. fxg5 fxg5 46. Nf3
Ne6 47. Ne5+ Kd6 48. Ng6 Nc7 49. a4 Ke6 50. Kc5 Kf6 51. Nf8 Kf5 52. Kb6 Nd5+
53. Kxa5 Nc3 54. Kb4 Nxa4 55. Kxa4 Kg4 56. Nh7 Kh3 57. Nxg5+ Kxh2 58. Ne4 Kh3
59. Kb4 h4 60. gxh4 Kxh4 1/2-1/2

[Event "2.BLO 1617 SC Forchheim - SC Erlangen"]
[Site "?"]
[Date "2017.02.19"]
[Round "8.7"]
[White "Walter, Thomas"]
[Black "Bartsch, Berthold"]
[Result "1-0"]
[WhiteElo "2182"]
[BlackElo "2278"]
[PlyCount "57"]
[EventDate "2017.??.??"]

1. e4 c5 2. Nf3 Nf6 3. Nc3 d5 4. exd5 Nxd5 5. Bc4 Nxc3 6. bxc3 e6 7. O-O Be7 8.
Ne5 O-O 9. Re1 Bd7 10. Rb1 Qc7 11. Qg4 Bf6 12. d4 Nc6 13. Bf4 Bxe5 14. dxe5 Ne7
15. h4 Ng6 16. Bg3 b5 17. Bd3 c4 18. Be4 Bc6 19. h5 Bxe4 20. Qxe4 Ne7 21. Rxb5
Nd5 22. Qd4 Rac8 23. h6 Qc6 24. Reb1 a6 25. Rb7 g6 26. Bh4 Qa4 27. R1b2 Qa3 28.
Kf1 Nxc3 29. Be7 1-0

[Event "2.BLO 1617 SC Forchheim - SC Erlangen"]
[Site "?"]
[Date "2017.02.19"]
[Round "8.8"]
[White "Auburger, Philipp"]
[Black "Boettger, Lukas"]
[Result "0-1"]
[WhiteElo "1987"]
[BlackElo "2230"]
[PlyCount "98"]
[EventDate "2017.??.??"]

1. e4 c5 2. c3 d5 3. exd5 Qxd5 4. d4 Nc6 5. Nf3 Bf5 6. Be3 Nf6 7. Nbd2 cxd4 8.
Bc4 dxe3 9. Bxd5 exd2+ 10. Qxd2 O-O-O 11. c4 e6 12. O-O exd5 13. cxd5 Rxd5 14.
Qf4 Bd6 15. Qa4 Ra5 16. Qh4 Bg4 17. Ng5 Bf4 18. Nxf7 Rf8 19. f3 Rh5 20. Qe1
Bxh2+ 21. Kf2 Bd7 22. g4 Rc5 23. Kg2 Bf4 24. b4 Rb5 25. Qc3 Bc7 26. a4 Rxb4 27.
Rab1 Rxb1 28. Rxb1 Rxf7 29. Rxb7 Bb6 30. Qb3 Re7 31. Rxb6 axb6 32. Qxb6 Re5 33.
Kg3 g5 34. Qb3 Nd5 35. Qd3 Nf4 36. Qxh7 Re2 37. Qg8+ Nd8 38. Qxg5 Rg2+ 39. Kh4
Nde6 40. Qg8+ Kc7 41. Qa8 Ng6+ 42. Kh5 Be8 43. Qa7+ Kd8 44. Qb8+ Ke7 45. a5 Kf6
46. Kh6 Ngf4 47. g5+ Kf7 48. Qb7+ Kf8 49. Qb4+ Kg8 0-1

[Event "2.BLO 1617 Bindl Aktionär - BCA Augsbur"]
[Site "?"]
[Date "2017.02.19"]
[Round "8.1"]
[White "Rozentalis, Eduardas"]
[Black "Petr, Martin"]
[Result "1-0"]
[WhiteElo "2576"]
[BlackElo "2494"]
[PlyCount "53"]
[EventDate "2017.??.??"]

1. e4 c5 2. Nf3 Nc6 3. Bb5 g6 4. O-O Bg7 5. Re1 Nf6 6. Nc3 O-O 7. e5 Ne8 8. d3
Nc7 9. a4 d6 10. Bxc6 bxc6 11. h3 Rb8 12. Rb1 Ne6 13. Bd2 h6 14. b3 Kh7 15.
exd6 exd6 16. Ne2 Rb7 17. Bc3 f6 18. d4 Rc7 19. Qd2 Re8 20. Rbd1 Bb7 21. dxc5
Nxc5 22. Ng3 Rxe1+ 23. Rxe1 Re7 24. Nf1 Nd7 25. h4 h5 26. Qd4 c5 27. Ng5+ 1-0